Persönlichkeiten des Ruhrgebiets - Bilderquiz - Statistiken

Allgemein
  • Dieses Quiz wurde 107 mal gespielt
  • Das Durchschnittsergebnis liegt bei 5 aus 12
Antwortstatistiken
Bildquiz Antwort % Korrekt
Marco Reus
89%
Rudi Assauer
70%
Helmut Rahn
58%
Horst Schimanski
52%
Diether Krebs
42%
Bärbel Bas
34%
Gustav Heinemann
33%
Jürgen von Manger / Adolf Tegtmeier
29%
Alfred Krupp
25%
Uwe Lyko / Herbert Knebel
22%
Gerburg Jahnke
12%
Berthold Beitz
10%
Keine übereinstimmenden Quizze gefunden
Verteilung der Resultate
Anzahl Personen mit jedem Resultat
Perzentil nach korrekt beantworteten Fragen
Ihre Resultats-Entwicklung
Sie haben dieses Quiz noch nicht gespielt